All Pokémon With Hisuian Forms - Statistics

General Stats
  • This quiz has been taken 38 times
  • The average score is 16 of 17
Answer Stats
Original Region Original type(s) New type(s) Answer % Correct
Alola Grass-ghost Grass-fighting Decidueye
100%
Kanto Electric Electric-grass Electrode
100%
Kalos Dragon Steel-dragon Goodra
100%
Johto Dark-ice Fighting-poison Sneasel
100%
Johto Fire Fire-ghost Typhlosion
100%
Kanto Electric Electric-grass Voltorb
100%
Kanto Fire Fire-rock Arcanine
96%
Kanto Fire Fire-rock Growlithe
96%
Unova Grass Grass-fighting Lilligant
96%
Unova Water Water-dark Samurott
96%
Kalos Dragon Steel-dragon Sliggoo
96%
Unova Dark Normal-ghost Zoroark
96%
Unova Dark Normal-ghost Zorua
96%
Unova Normal-flying Psychic-flying Braviary
93%
Johto Water-poison Dark-poison Qwilfish
93%
Kalos Ice Ice-rock Avalugg
89%
Unova Water Water Basculin
86%
No matching quizzes found
Score Distribution
Percent of People with Each Score
Percentile by Number Answered
Your Score History
You have not taken this quiz